| 000 | 00599nam a2200205Ia 4500 | ||
|---|---|---|---|
| 005 | 20250508165459.0 | ||
| 008 | 008 250505s9999 xx 000 0 eng d | ||
| 020 | _a9788189059040 | ||
| 037 | _aTextual | ||
| 040 |
_aFEDL _beng _cFEDL |
||
| 041 |
_aeng _2eng |
||
| 084 |
_a320.954, AHM _qFEDL |
||
| 100 | _aAhmed Hilal | ||
| 245 | 0 | _aMuslim political discourse in postcolonial India: Monuments, memory, contestation | |
| 260 |
_aNew Delhi, India _bRoutledge _c2014 |
||
| 300 | _axvi, 328p. | ||
| 365 |
_aINR _b850 |
||
| 942 |
_cTEXL _h320.954, AHM |
||
| 999 |
_c1395353 _d1395353 |
||